01318nam a22003134a 4500001001100000003000800011006001900019007001500038008004100053010001700094020002200111040002100133035002000154050002600174082001500200100003000215245010900245260007400354300001700428504006600445533015200511600005500663600006600718650003400784655002900818710001700847856012500864999001500989ebr5006321CaPaEBRm u cr cn|||||||||000815s2001 enk sb 001 0 eng  z 00064189  z0521800552 (hbk.) aCaPaEBRcCaPaEBR a(OCoLC)5249324714aB1647.M74bH85 2001eb04a171/.22211 aHutchinson, Brian,d1953-10aG.E. Moore's ethical theoryh[electronic resource] :bresistance and reconciliation /cBrian Hutchinson. aCambridge [England] ;aNew York :bCambridge University Press,c2001. aviii, 219 p. aIncludes bibliographical references (p. [211]-214) and index. aElectronic reproduction.bPalo Alto, Calif. :cebrary,d2013.nAvailable via World Wide Web.nAccess may be limited to ebrary affiliated libraries.10aMoore, G. E.q(George Edward),d1873-1958xEthics.10aMoore, G. E.q(George Edward),d1873-1958.tPrincipia ethica. 0aEthics, Moderny20th century. 7aElectronic books.2local2 aebrary, Inc.40uhttp://site.ebrary.com/lib/rucke/Doc?id=5006321zAn electronic book accessible through the World Wide Web; click to view c6229d6229